[Event "WLS-chB 68th"]
[Site "Cardiff"]
[Date "2024.04.01"]
[Round "7"]
[White "Thomas, Roy"]
[Black "Westcott, Dale"]
[Result "1-0"]
[WhiteElo "1804"]
[BlackElo "1772"]
[PlyCount "61"]
[EventDate "2024.03.29"]
[EventType "swiss"]
[EventRounds "7"]
[EventCountry "WLS"]
[SourceTitle "CB14_2024"]
[SourceDate "2024.04.01"]
[SourceVersion "1"]
[SourceVersionDate "2024.04.01"]
[SourceQuality "1"]

1. f4 d5 2. Nf3 Nf6 3. e3 Bf5 4. Be2 e6 5. 0-0 Be7 6. Ne5 Nbd7 7. Nc3 Nxe5 8. fxe5 Ne4 9. d4 Bh4 10. Nxe4 Bxe4 11. Bd3 Bg6 12. Qf3 Qe7 13. g3 Bg5 14. e4 Bxc1 15. Raxc1 dxe4 16. Bxe4 Bxe4 17. Qxe4 0-0 18. Qxb7 Rab8 19. Qxa7 Ra8 20. Qc5 Qxc5 21. dxc5 Rxa2 22. b4 Rb2 23. c3 Rd8 24. Rfd1 Rdd2 25. Rxd2 Rxd2 26. b5 Rb2 27. Rd1 g6 28. c4 Rc2 29. Rd7 Rxc4 30. Rxc7 Kf8 31. b6 1-0

[Event "WLS-chB 68th"]
[Site "Cardiff"]
[Date "2024.03.31"]
[Round "5"]
[White "Honey, Luke Anthony"]
[Black "Thomas, Roy"]
[Result "1-0"]
[WhiteElo "1939"]
[BlackElo "1804"]
[PlyCount "65"]
[EventDate "2024.03.29"]
[EventType "swiss"]
[EventRounds "7"]
[EventCountry "WLS"]
[SourceTitle "CB14_2024"]
[SourceDate "2024.04.01"]
[SourceVersion "1"]
[SourceVersionDate "2024.04.01"]
[SourceQuality "1"]

1. e4 c5 2. Nf3 Nc6 3. Bb5 g6 4. 0-0 Bg7 5. Nc3 Nd4 6. a4 Nxb5 7. axb5 e5 8. d3 Ne7 9. Be3 b6 10. Nd2 d5 11. exd5 Nxd5 12. Nc4 Nxc3 13. bxc3 0-0 14. Qe2 Be6 15. Nd2 Qd7 16. Rab1 f5 17. f3 Qb7 18. c4 Rfe8 19. Bf2 Rad8 20. Rfe1 Bf7 21. Rb3 a5 22. bxa6 Qxa6 23. Reb1 Re6 24. Qf1 e4 25. fxe4 fxe4 26. Nxe4 Rxe4 27. Rxb6 Qa4 28. dxe4 Bxc4 29. Qc1 Ba2 30. Rb8 Rxb8 31. Rxb8+ Kf7 32. Qf4+ Ke6 33. Rb6+ 1-0

[Event "WLS-chB 68th"]
[Site "Cardiff"]
[Date "2024.03.30"]
[Round "3"]
[White "Smith, Chris P"]
[Black "Thomas, Roy"]
[Result "0-1"]
[WhiteElo "1669"]
[BlackElo "1804"]
[PlyCount "46"]
[EventDate "2024.03.29"]
[EventType "swiss"]
[EventRounds "7"]
[EventCountry "WLS"]
[SourceTitle "CB14_2024"]
[SourceDate "2024.04.01"]
[SourceVersion "1"]
[SourceVersionDate "2024.04.01"]
[SourceQuality "1"]

1. d4 e6 2. c4 f5 3. Nc3 Nf6 4. Bg5 Be7 5. Nf3 0-0 6. g3 Ne4 7. Bxe7 Qxe7 8. Qb3 Nc6 9. Bg2 b6 10. 0-0 Na5 11. Qa4 Bb7 12. Rac1 g5 13. Nxe4 fxe4 14. Nd2 d5 15. cxd5 exd5 16. e3 Ba6 17. Nb3 Bxf1 18. Rxf1 Nc4 19. Qb5 Qd6 20. Bxe4 c6 21. Bxd5+ Qxd5 22. Qb4 a5 23. Qe7 Rf7 0-1

[Event "South Wales op 18th"]
[Site "Bridgend"]
[Date "2023.07.10"]
[Round "6"]
[White "Thomas, Roy"]
[Black "Foster, James C"]
[Result "0-1"]
[WhiteElo "1632"]
[BlackElo "1955"]
[PlyCount "76"]
[EventDate "2023.07.07"]
[EventType "swiss"]
[EventRounds "9"]
[EventCountry "WLS"]
[SourceTitle "CBM 215 Extra"]
[Source "ChessBase"]
[SourceDate "2023.09.30"]
[SourceVersion "1"]
[SourceVersionDate "2023.09.30"]
[SourceQuality "1"]

1. f4 d5 2. Nf3 g6 3. e3 Bg7 4. Be2 c5 5. 0-0 Nc6 6. d3 Nf6 7. Nc3 0-0 8. e4 d4 9. Na4 b6 10. Qe1 Ne8 11. Bd2 Qd7 12. b3 e5 13. f5 gxf5 14. exf5 f6 15. Nh4 Ne7 16. Qg3 Bb7 17. Bf3 Nd5 18. Nb2 Kf7 19. Bh5+ Ke7 20. Bf3 Kd8 21. a4 Nd6 22. Nc4 Kc7 23. a5 Rg8 24. axb6+ axb6 25. Rxa8 Rxa8 26. Nxd6 Kxd6 27. Be4 Ra2 28. Rc1 Nb4 29. Bxb4 cxb4 30. Qf3 Bxe4 31. dxe4 Bh6 32. Rd1 Rxc2 33. Qg3 Kc5 34. Qd3 Rc3 35. Qb1 Qf7 36. Nf3 Qxb3 37. Qa1 Qxd1+ 38. Qxd1 Rc1 0-1

[Event "South Wales op 18th"]
[Site "Bridgend"]
[Date "2023.07.08"]
[Round "3"]
[White "James, Dai"]
[Black "Thomas, Roy"]
[Result "0-1"]
[WhiteElo "1851"]
[BlackElo "1632"]
[PlyCount "23"]
[EventDate "2023.07.07"]
[EventType "swiss"]
[EventRounds "9"]
[EventCountry "WLS"]
[SourceTitle "CBM 215 Extra"]
[Source "ChessBase"]
[SourceDate "2023.09.30"]
[SourceVersion "1"]
[SourceVersionDate "2023.09.30"]
[SourceQuality "1"]

1. e4 c5 2. Nc3 d6 3. f4 g6 4. Nf3 Bg7 5. Bc4 Nf6 6. 0-0 0-0 7. d3 Nc6 8. a4 e5 9. Qe1 Nb4 10. Qh4 Nh5 11. Qf2 Nxf4 12. g3 0-1

[Event "Cardiff Welsh Spring op"]
[Site "Cardiff"]
[Date "2023.03.04"]
[Round "3"]
[White "Muza, Robert"]
[Black "Thomas, Roy"]
[Result "0-1"]
[WhiteElo "1250"]
[BlackElo "1666"]
[PlyCount "90"]
[EventDate "2023.03.04"]
[EventType "swiss"]
[EventRounds "5"]
[EventCountry "WLS"]
[SourceTitle "EXT 2024"]
[Source "ChessBase"]
[SourceDate "2023.10.10"]
[SourceVersion "1"]
[SourceVersionDate "2023.10.10"]
[SourceQuality "1"]

1. e4 c5 2. Nc3 d6 3. Bb5+ Nc6 4. Nf3 g6 5. h3 Bg7 6. d3 e6 7. Bd2 Nge7 8. Qe2 0-0 9. Ng5 Bd7 10. Bxc6 Nxc6 11. 0-0 Nd4 12. Qd1 b5 13. Rb1 b4 14. Ne2 Nb5 15. Qc1 h6 16. Nf3 Kh7 17. Nh2 f5 18. f4 fxe4 19. dxe4 Bc6 20. Ng3 Qh4 21. Qe1 Nd4 22. Nf3 Nxf3+ 23. Rxf3 a5 24. c3 Rf7 25. Qe2 Rb7 26. c4 a4 27. Rd3 Rd7 28. f5 gxf5 29. exf5 Bd4+ 30. Kh2 e5 31. Be1 Rg8 32. Qf1 Qf4 33. Qe2 Rdg7 34. b3 Be4 35. Rbd1 Bxd3 36. Rxd3 e4 37. Rd1 Rxg3 38. Bxg3 Qxg3+ 39. Kh1 e3 40. Rxd4 cxd4 41. f6 Qxg2+ 42. Qxg2 Rxg2 43. Kxg2 axb3 44. axb3 Kg6 45. Kf3 Kxf6 0-1

[Event "WLS-ch Seniors"]
[Site "Cardiff"]
[Date "2022.09.04"]
[Round "5"]
[White "Saunders, Walter NR"]
[Black "Thomas, Roy"]
[Result "0-1"]
[WhiteElo "1982"]
[BlackElo "1671"]
[PlyCount "149"]
[EventDate "2022.09.02"]
[EventType "swiss"]
[EventRounds "5"]
[EventCountry "WLS"]
[SourceTitle "EXT 2024"]
[Source "ChessBase"]
[SourceDate "2023.10.10"]
[SourceVersion "1"]
[SourceVersionDate "2023.10.10"]
[SourceQuality "1"]

1. d4 f5 2. g3 Nf6 3. Bg2 e6 4. Nf3 Be7 5. Nbd2 d5 6. Ne5 0-0 7. Ndf3 Nbd7 8. a4 a5 9. 0-0 Nxe5 10. Nxe5 Nd7 11. Nxd7 Bxd7 12. c4 c6 13. Qb3 Bb4 14. Bf4 b6 15. Rac1 Rc8 16. Rfd1 Qe8 17. Qe3 c5 18. cxd5 cxd4 19. Qxd4 Bc5 20. Qe5 Bxa4 21. dxe6 Bxd1 22. Rxd1 Rd8 23. Rd7 Rxd7 24. exd7 Qxd7 25. Bd5+ Kh8 26. Be6 Qd4 27. Qxd4 Bxd4 28. b3 Re8 29. Bc4 Rc8 30. Be6 Re8 31. Bc4 Bc5 32. h3 h6 33. Kg2 Kh7 34. Kf3 g5 35. Bd2 Rd8 36. Bd3 Kg7 37. Bc3+ Bd4 38. Bxd4+ Rxd4 39. Bxf5 Rb4 40. Bc2 b5 41. Ke3 a4 42. bxa4 bxa4 43. Kd3 a3 44. Kc3 Rb2 45. e4 Kf6 46. f4 gxf4 47. gxf4 Rb8 48. e5+ Ke6 49. Bb3+ Kf5 50. e6 Kxf4 51. e7 Kg3 52. Bf7 a2 53. Bxa2 Re8 54. Be6 Rxe7 55. Bg4 Re4 56. Kd3 Re5 57. Kd4 Re1 58. Kd3 Kf4 59. Kd2 Re5 60. Bc8 h5 61. Ba6 h4 62. Bc8 Kg3 63. Bg4 Re4 64. Bf5 Rf4 65. Bc8 Kf2 66. Kd3 Rf8 67. Bg4 Rd8+ 68. Ke4 Rb8 69. Kf4 Rb4+ 70. Kg5 Kg3 71. Bd7 Rb2 72. Bg4 Rh2 73. Kf5 Rxh3 74. Bxh3 Kxh3 75. Kf4 0-1

[Event "South Wales op 17th"]
[Site "Bridgend"]
[Date "2022.07.07"]
[Round "1"]
[White "Thomas, Roy"]
[Black "Hill, Alistair"]
[Result "0-1"]
[WhiteElo "1673"]
[BlackElo "2190"]
[PlyCount "118"]
[EventDate "2022.07.07"]
[EventType "swiss"]
[EventRounds "9"]
[EventCountry "WLS"]
[SourceTitle "CBM 209 Extra"]
[Source "ChessBase"]
[SourceDate "2022.09.30"]
[SourceVersion "1"]
[SourceVersionDate "2022.09.30"]
[SourceQuality "1"]

1. f4 g6 2. Nf3 Bg7 3. e3 c5 4. Be2 Nf6 5. 0-0 0-0 6. d3 d5 7. Nc3 Nc6 8. e4 d4 9. Na4 b6 10. c4 dxc3 11. Nxc3 Nd4 12. Nxd4 Qxd4+ 13. Kh1 Bb7 14. Qe1 Rad8 15. Qg3 Ne8 16. f5 Qd7 17. Be3 Nc7 18. Rf2 Nb5 19. Nxb5 Qxb5 20. Rb1 Qa4 21. e5 Qxa2 22. Rff1 c4 23. dxc4 Be4 24. Rbe1 Qxb2 25. c5 Qxe5 26. Qxe5 Bxe5 27. fxg6 hxg6 28. cxb6 axb6 29. Bxb6 Rd2 30. Bf3 Bxf3 31. Rxf3 Bd6 32. Rf2 Rd5 33. Ref1 Rh5 34. h3 f5 35. Rf3 Rh4 36. Bf2 Rc4 37. Bg3 Bc5 38. Bf2 e5 39. Bxc5 Rxc5 40. Ra3 Kg7 41. Rd1 Rc6 42. Ra7+ Kf6 43. Rdd7 e4 44. Kg1 Kg5 45. Ra3 Rff6 46. Rd5 Rfe6 47. Re3 Kf4 48. Re1 Rc2 49. Kh2 Ra6 50. Rf1+ Kg5 51. Rdd1 Raa2 52. Rg1 Kf4 53. Rde1 Rcb2 54. Rgf1+ Ke5 55. Rg1 f4 56. Kh1 f3 57. Rc1 Rxg2 58. Rgd1 Rh2+ 59. Kg1 Rag2+ 0-1

[Event "Cardiff Welsh op"]
[Site "Cardiff"]
[Date "2022.04.15"]
[Round "2"]
[White "Thomas, Mark"]
[Black "Thomas, Roy"]
[Result "1-0"]
[WhiteElo "1919"]
[BlackElo "1689"]
[PlyCount "99"]
[EventDate "2022.04.15"]
[EventType "swiss"]
[EventRounds "7"]
[EventCountry "WLS"]
[SourceTitle "CBM 207 Extra"]
[Source "ChessBase"]
[SourceDate "2022.05.31"]
[SourceVersion "1"]
[SourceVersionDate "2022.05.31"]
[SourceQuality "1"]

1. e4 c5 2. Nc3 Nc6 3. f4 g6 4. Nf3 Bg7 5. Bb5 Nd4 6. 0-0 Nxb5 7. Nxb5 Nf6 8. d3 0-0 9. c4 a6 10. Nc3 d6 11. Qe1 e5 12. Nd5 Nxd5 13. cxd5 exf4 14. Bxf4 Bxb2 15. Rb1 Bg7 16. Qg3 Re8 17. Rbe1 b5 18. Bxd6 Qb6 19. Kh1 Bb7 20. Ng5 Qa5 21. Qh4 h6 22. Nxf7 Kh7 23. Ng5+ Kg8 24. Ne6 Rxe6 25. dxe6 Qxa2 26. Qe7 Bc6 27. Rf7 Qb2 28. Ref1 c4 29. Qc7 Be8 30. Rf8+ Kh7 31. h3 cxd3 32. Rxe8 Rxe8 33. Rf7 d2 34. Be5 d1Q+ 35. Kh2 Qxe5+ 36. Qxe5 Rg8 37. e7 Qd7 38. Rxg7+ Rxg7 39. e8Q Qb7 40. Q5b8 Qxb8+ 41. Qxb8 g5 42. Kg3 Rf7 43. Qb6 Rf4 44. Qxa6 Kg7 45. Qxb5 Kf6 46. Qc6+ Kg7 47. e5 h5 48. e6 h4+ 49. Kh2 Kf6 50. Qd7 1-0

[Event "WLS Under 1850 League"]
[Site "Wales"]
[Date "2020.01.26"]
[Round "1.9"]
[White "Buttell, David"]
[Black "Thomas, Roy"]
[Result "1/2-1/2"]
[WhiteElo "1847"]
[BlackElo "1757"]
[PlyCount "75"]
[EventDate "2020.01.26"]
[EventType "team-tourn"]
[EventRounds "9"]
[EventCountry "WLS"]
[SourceTitle "EXT 2022"]
[Source "ChessBase"]
[SourceDate "2021.10.06"]
[SourceVersion "1"]
[SourceVersionDate "2021.10.06"]
[SourceQuality "1"]
[WhiteTeam "White Knights"]
[BlackTeam "Ponty Youth"]
[WhiteTeamCountry "WLS"]
[BlackTeamCountry "WLS"]

1. d4 f5 2. g3 Nf6 3. Bg2 e6 4. Nf3 d5 5. Nbd2 c5 6. c3 Nc6 7. 0-0 Bd7 8. Ne5 cxd4 9. Nxc6 Bxc6 10. cxd4 Bd6 11. f4 0-0 12. Nf3 Rc8 13. Ne5 Qb6 14. Kh1 Rc7 15. Rf3 Ne4 16. Rf1 Bxe5 17. fxe5 Rcf7 18. b3 Qa6 19. Bf3 Rc7 20. a4 Rfc8 21. Ba3 Be8 22. Bxe4 dxe4 23. d5 exd5 24. Qxd5+ Bf7 25. Qd2 Rc2 26. Qd1 Bxb3 27. Rxf5 Be6 28. Qxc2 Bxf5 29. Qb3+ Be6 30. Qb5 Qxb5 31. axb5 Kf7 32. Bd6 Ra8 33. Kg2 a6 34. b6 Bd5 35. Kf2 Ke6 36. Ke3 Rc8 37. Bc7 Rf8 38. Bd6 1/2-1/2

[Event "South Wales New Year op"]
[Site "Bridgend"]
[Date "2020.01.05"]
[Round "5"]
[White "Fathallah, Joe"]
[Black "Thomas, Roy"]
[Result "1-0"]
[WhiteElo "1919"]
[BlackElo "1689"]
[PlyCount "53"]
[EventDate "2020.01.03"]
[EventType "swiss"]
[EventRounds "5"]
[EventCountry "WLS"]
[SourceTitle "EXT 2022"]
[Source "ChessBase"]
[SourceDate "2021.10.06"]
[SourceVersion "1"]
[SourceVersionDate "2021.10.06"]
[SourceQuality "1"]

1. d4 e6 2. e4 b6 3. Bd3 Bb7 4. c4 Nc6 5. Be3 Nb4 6. Nc3 Nxd3+ 7. Qxd3 Nf6 8. Nf3 d5 9. cxd5 exd5 10. e5 Ne4 11. 0-0 Be7 12. Nd2 Nxd2 13. Qxd2 0-0 14. f4 c5 15. f5 cxd4 16. Bxd4 Bg5 17. Qe2 Qc7 18. f6 Bh6 19. Rad1 Rad8 20. Qh5 b5 21. Rf3 b4 22. Rg3 Kh8 23. Rh3 Rg8 24. e6 bxc3 25. fxg7+ Rxg7 26. Qxh6 Rdg8 27. Qxh7# 1-0

[Event "South Wales New Year op"]
[Site "Bridgend"]
[Date "2020.01.05"]
[Round "4"]
[White "Thomas, Roy"]
[Black "Morgans, Justin"]
[Result "1-0"]
[WhiteElo "1689"]
[BlackElo "1613"]
[PlyCount "113"]
[EventDate "2020.01.03"]
[EventType "swiss"]
[EventRounds "5"]
[EventCountry "WLS"]
[SourceTitle "EXT 2022"]
[Source "ChessBase"]
[SourceDate "2021.10.06"]
[SourceVersion "1"]
[SourceVersionDate "2021.10.06"]
[SourceQuality "1"]

1. f4 b6 2. Nf3 Bb7 3. e3 e6 4. Be2 Nc6 5. 0-0 Qe7 6. Nc3 h5 7. Nb5 d6 8. a4 Nf6 9. b3 h4 10. Bb2 h3 11. g3 Ne4 12. d3 Nf6 13. e4 e5 14. fxe5 dxe5 15. Nh4 Qd7 16. c3 a6 17. Na3 Bc5+ 18. Kh1 Ne7 19. Nc4 Bd6 20. Nxd6+ cxd6 21. Nf5 Nxf5 22. Qd2 Nh6 23. Qg5 Nxe4 24. dxe4 Bxe4+ 25. Bf3 Qc6 26. Qe3 Bxf3+ 27. Rxf3 g5 28. Kg1 g4 29. Rf2 0-0-0 30. c4 Rde8 31. b4 Kb7 32. Rc1 f5 33. c5 f4 34. gxf4 g3 35. cxb6 gxh2+ 36. Rxh2 Rhg8+ 37. Kf1 Qxb6 38. Qxb6+ Kxb6 39. Rxh3 Ng4 40. fxe5 dxe5 41. b5 axb5 42. axb5 Kxb5 43. Rb3+ Ka4 44. Rb7 Ref8+ 45. Ke1 Rf1+ 46. Kxf1 Ne3+ 47. Ke2 Nc2 48. Rxc2 Rg2+ 49. Kd1 Rg1+ 50. Kd2 Rg2+ 51. Kc3 Rg3+ 52. Kc4 Rg4+ 53. Kd3 e4+ 54. Ke3 Rh4 55. Bc1 Rh3+ 56. Kxe4 Rh4+ 57. Kf5 1-0

[Event "South Wales Autumn op"]
[Site "Newport"]
[Date "2019.11.15"]
[Round "1"]
[White "Fathallah, Joe"]
[Black "Thomas, Roy"]
[Result "1/2-1/2"]
[WhiteElo "1904"]
[BlackElo "1696"]
[PlyCount "76"]
[EventDate "2019.11.15"]
[EventType "swiss"]
[EventRounds "5"]
[EventCountry "WLS"]
[SourceTitle "EXT 2022"]
[Source "ChessBase"]
[SourceDate "2021.10.06"]
[SourceVersion "1"]
[SourceVersionDate "2021.10.06"]
[SourceQuality "1"]

1. b3 e6 2. Bb2 Nf6 3. e3 Be7 4. Nf3 0-0 5. d4 d5 6. Bd3 Nbd7 7. Nbd2 c5 8. 0-0 a6 9. Ne5 Nxe5 10. dxe5 Ne8 11. Qh5 g6 12. Qh6 f5 13. f4 b5 14. Nf3 Rf7 15. Rad1 Rg7 16. e4 c4 17. bxc4 bxc4 18. Be2 fxe4 19. Ng5 Rb8 20. Bd4 Bxg5 21. fxg5 Qe7 22. Rf6 Rf7 23. Rxf7 Qxf7 24. Rf1 Qe7 25. Bg4 Rb7 26. Qh3 Ng7 27. Qe3 Nf5 28. Bxf5 exf5 29. h4 Qb4 30. Bc3 Qb6 31. Bd4 Qb5 32. Bc3 Be6 33. Kh1 Rd7 34. Qd4 Rb7 35. Qe3 Qc6 36. Bd4 Rb5 37. Bc3 Qb6 38. Bd4 Qc6 1/2-1/2

[Event "West Wales op"]
[Site "Swansea"]
[Date "2019.10.11"]
[Round "1"]
[White "McCarthy, Maurice"]
[Black "Thomas, Roy"]
[Result "1/2-1/2"]
[WhiteElo "1980"]
[BlackElo "1696"]
[PlyCount "74"]
[EventDate "2019.10.11"]
[EventType "swiss"]
[EventRounds "5"]
[EventCountry "WLS"]
[SourceTitle "EXT 2022"]
[Source "ChessBase"]
[SourceDate "2021.10.06"]
[SourceVersion "1"]
[SourceVersionDate "2021.10.06"]
[SourceQuality "1"]

1. c4 e6 2. Nf3 f5 3. g3 Nf6 4. Bg2 Be7 5. 0-0 0-0 6. d4 d6 7. b4 Qe8 8. a4 Nc6 9. b5 Nd8 10. Bb2 Qh5 11. Qb3 Nf7 12. Rd1 g5 13. Nbd2 g4 14. Ne1 Qg6 15. Nd3 Nh5 16. c5 d5 17. a5 Ng5 18. Ne5 Qf6 19. Rf1 Nf7 20. f4 Nxe5 21. fxe5 Qh6 22. e3 Bg5 23. Rfe1 Bd7 24. Nf1 Rfc8 25. a6 b6 26. cxb6 cxb6 27. Rac1 Qf8 28. Ba3 Qe8 29. Rxc8 Rxc8 30. Rb1 Ng7 31. Kf2 Kf7 32. Nd2 h5 33. Bf1 h4 34. Bd3 h3 35. Rb2 Be7 36. Bxe7 Qxe7 37. Nb1 Ne8 1/2-1/2

[Event "South Wales op 16th"]
[Site "Cardiff"]
[Date "2019.07.09"]
[Round "5"]
[White "Thomas, Roy"]
[Black "Hirst, Joe"]
[Result "1-0"]
[WhiteElo "1708"]
[BlackElo "1632"]
[PlyCount "75"]
[EventDate "2019.07.07"]
[EventType "swiss"]
[EventRounds "9"]
[EventCountry "WLS"]
[SourceTitle "CBM 191 Extra"]
[Source "ChessBase"]
[SourceDate "2019.09.30"]
[SourceVersion "1"]
[SourceVersionDate "2019.09.30"]
[SourceQuality "1"]

1. f4 c5 2. e4 d5 3. e5 e6 4. Nf3 Nc6 5. Be2 Nge7 6. 0-0 Ng6 7. d3 Be7 8. c3 0-0 9. Na3 a6 10. Nc2 b5 11. Be3 a5 12. g3 Ba6 13. h4 f5 14. Kf2 Nh8 15. Rh1 h6 16. Qg1 Nf7 17. g4 fxg4 18. Qxg4 Nfxe5 19. Qxe6+ Kh8 20. Nxe5 Nxe5 21. Qxe5 Bxh4+ 22. Kf1 Bf6 23. Qh5 d4 24. Bd2 Bg5 25. Ke1 Bxf4 26. Bxf4 Rxf4 27. Kd2 dxc3+ 28. bxc3 b4 29. Qe5 Rf2 30. Rxh6+ Kg8 31. Qe6+ Rf7 32. Rg1 Raa7 33. Rhg6 Kh8 34. Rh1+ Kg8 35. Qh3 Kf8 36. Qh8+ Ke7 37. Re6+ Kd7 38. Rd6+ 1-0

[Event "WLS-ch Major 65th"]
[Site "Cardiff"]
[Date "2019.04.22"]
[Round "6"]
[White "Thomas, Roy"]
[Black "Roberts, David Llewelyn"]
[Result "0-1"]
[WhiteElo "1737"]
[BlackElo "1999"]
[PlyCount "92"]
[EventDate "2019.04.19"]
[EventType "swiss"]
[EventRounds "7"]
[EventCountry "WLS"]
[SourceTitle "CBM 190 Extra"]
[Source "ChessBase"]
[SourceDate "2019.07.15"]
[SourceVersion "1"]
[SourceVersionDate "2019.07.15"]
[SourceQuality "1"]

1. f4 b6 2. Nf3 Bb7 3. e3 g6 4. Be2 Bg7 5. 0-0 c5 6. d3 d5 7. c3 Nh6 8. Na3 Nf5 9. Ne5 0-0 10. Qe1 Nd7 11. Nxd7 Qxd7 12. Bf3 Nd6 13. e4 dxe4 14. dxe4 f5 15. e5 Ne4 16. Be3 Rfd8 17. Rd1 Qa4 18. c4 a6 19. Bc1 Rab8 20. b3 Qc6 21. Nb1 g5 22. Rxd8+ Rxd8 23. Nc3 e6 24. Nxe4 fxe4 25. Bh5 Qd7 26. Qg3 Rf8 27. Rd1 gxf4 28. Rxd7 fxg3 29. Rxb7 Rf1+ 30. Kxf1 gxh2 31. Rb8+ Bf8 32. Bh6 h1Q+ 33. Kf2 e3+ 34. Kg3 Qe1+ 35. Kh2 Qh4+ 36. Kg1 Qf2+ 37. Kh2 e2 38. Bxe2 Qh4+ 39. Kg1 Qxh6 40. Rxb6 Qe3+ 41. Kf1 Qxe5 42. Rxa6 Bd6 43. a4 Qd4 44. Ra8+ Kg7 45. Ra7+ Kf6 46. Rxh7 Bg3 0-1

[Event "WLS-ch Major 65th"]
[Site "Cardiff"]
[Date "2019.04.21"]
[Round "5"]
[White "Lewis, David2222"]
[Black "Thomas, Roy"]
[Result "0-1"]
[WhiteElo "1558"]
[BlackElo "1737"]
[PlyCount "62"]
[EventDate "2019.04.19"]
[EventType "swiss"]
[EventRounds "7"]
[EventCountry "WLS"]
[SourceTitle "CBM 190 Extra"]
[Source "ChessBase"]
[SourceDate "2019.07.15"]
[SourceVersion "1"]
[SourceVersionDate "2019.07.15"]
[SourceQuality "1"]

1. e4 c5 2. Nf3 Nc6 3. d4 cxd4 4. Nxd4 e5 5. Nb3 d6 6. Nc3 Be7 7. Be2 Nf6 8. 0-0 0-0 9. Be3 Be6 10. Kh1 d5 11. exd5 Nxd5 12. Nxd5 Bxd5 13. c4 Be6 14. Nc5 Bxc5 15. Bxc5 Re8 16. f4 b6 17. Bd6 e4 18. f5 Bc8 19. Qd5 Bb7 20. Rad1 Qf6 21. Qd2 Rad8 22. Qf4 Nd4 23. Bc7 Rd7 24. Bg4 e3 25. Rfe1 Qc6 26. Bh3 Re4 27. Qg5 h6 28. Qg3 Qxc7 29. Rxe3 Qxg3 30. Rxg3 Rde7 31. Kg1 Ne2+ 0-1

[Event "Dyfed op 48th"]
[Site "Fishguard"]
[Date "2019.02.23"]
[Round "3.2"]
[White "Young, Alan J"]
[Black "Thomas, Roy"]
[Result "1-0"]
[WhiteElo "2024"]
[BlackElo "1719"]
[PlyCount "69"]
[EventDate "2019.02.22"]
[EventType "swiss"]
[EventRounds "5"]
[EventCountry "WLS"]
[SourceTitle "EXT 2020"]
[Source "ChessBase"]
[SourceDate "2019.10.17"]
[SourceVersion "1"]
[SourceVersionDate "2019.10.17"]
[SourceQuality "1"]

1. e4 c5 2. Nf3 Nc6 3. c3 d5 4. exd5 Qxd5 5. d4 Nf6 6. Na3 cxd4 7. Nb5 Qd8 8. Nbxd4 Nxd4 9. Nxd4 a6 10. Qb3 e6 11. Be2 Qc7 12. 0-0 Bd6 13. Nf3 0-0 14. Bg5 Ne4 15. Bh4 Be7 16. Bxe7 Qxe7 17. a4 Qc7 18. Rfd1 Bd7 19. Rd4 Bc6 20. Qc2 f5 21. Bc4 Qe7 22. Ne5 Rac8 23. Nxc6 Rxc6 24. Rad1 Rd6 25. Rxd6 Nxd6 26. Ba2 Kh8 27. Qb3 e5 28. Qb6 Rf6 29. Qa7 Rf8 30. a5 f4 31. Qc5 Rf6 32. Qd5 Nf7 33. Qd7 Rd6 34. Rxd6 Qxd6 35. Qe8+ 1-0

[Event "WLS-ch Seniors 4th"]
[Site "Merthyr Tydfil"]
[Date "2018.09.30"]
[Round "4"]
[White "Greatorex, Roger"]
[Black "Thomas, Roy"]
[Result "0-1"]
[WhiteElo "1736"]
[BlackElo "1719"]
[PlyCount "62"]
[EventDate "2018.09.28"]
[EventType "swiss"]
[EventRounds "5"]
[EventCountry "WLS"]
[SourceTitle "EXT 2020"]
[Source "ChessBase"]
[SourceDate "2019.10.17"]
[SourceVersion "1"]
[SourceVersionDate "2019.10.17"]
[SourceQuality "1"]

1. Nf3 f5 2. h3 b6 3. g4 Bb7 4. d4 e6 5. Nc3 Nf6 6. Rg1 Ne4 7. Nxe4 fxe4 8. Ne5 d6 9. Nc4 Nd7 10. Bf4 Qh4 11. Qd2 Be7 12. g5 0-0-0 13. a4 Rhf8 14. Rg4 Qh5 15. Qc3 Kb8 16. a5 Rxf4 17. Rxf4 Qxg5 18. Rg4 Qf6 19. axb6 cxb6 20. e3 e5 21. dxe5 dxe5 22. 0-0-0 g6 23. Rg2 Qe6 24. Rh2 b5 25. Na5 Qa2 26. Nb3 Rc8 27. Rxd7 Rxc3 28. bxc3 Ba3+ 29. Kd2 b4 30. cxb4 Bxb4+ 31. Kd1 Qb1+ 0-1